[Event "Wasselonne op"]
[Site "Wasselonne"]
[Date "2009.08.09"]
[Round "6"]
[White "Wiedenhoff, Jean Philippe"]
[Black "Frantz, Nicolas"]
[Result "1-0"]
[WhiteElo "1855"]
[BlackElo "1620"]
[PlyCount "45"]
[EventDate "2009.08.06"]
[EventType "swiss"]
[EventRounds "7"]
[EventCountry "FRA"]
[SourceTitle "EXT 2011"]
[Source "ChessBase"]
[SourceDate "2010.11.26"]
[SourceVersion "1"]
[SourceVersionDate "2010.11.26"]
[SourceQuality "1"]

1. e4 d6 2. d4 Nf6 3. Nc3 g6 4. f4 Bg7 5. Nf3 0-0 6. Be2 Na6 7. e5 Nd7 8. Ne4 dxe5 9. fxe5 c5 10. c3 cxd4 11. cxd4 Nc7 12. 0-0 Nb6 13. Bf4 Ncd5 14. Qd2 Nxf4 15. Qxf4 Nd5 16. Qd2 Bf5 17. Ng3 Bg4 18. Rac1 Qb6 19. Rc5 Rfd8 20. Ng5 Be6 21. N3e4 h6 22. Nxe6 fxe6 23. Rb5 1-0

[Event "Wasselonne op"]
[Site "Wasselonne"]
[Date "2009.08.08"]
[Round "4"]
[White "Wiedenhoff, Jean Philippe"]
[Black "Fischer, Robert1111"]
[Result "1/2-1/2"]
[WhiteElo "1855"]
[BlackElo "2125"]
[PlyCount "86"]
[EventDate "2009.08.06"]
[EventType "swiss"]
[EventRounds "7"]
[EventCountry "FRA"]
[SourceTitle "EXT 2011"]
[Source "ChessBase"]
[SourceDate "2010.11.26"]
[SourceVersion "1"]
[SourceVersionDate "2010.11.26"]
[SourceQuality "1"]

1. e4 c5 2. Nf3 d6 3. d4 cxd4 4. Nxd4 Nf6 5. Nc3 a6 6. Be2 e6 7. f4 Be7 8. Be3 Qc7 9. Qd2 b5 10. a3 Bb7 11. Bf3 Nc6 12. Nxc6 Bxc6 13. Qf2 Rc8 14. Rd1 0-0 15. 0-0 Nd7 16. Ne2 Nc5 17. Ng3 Ba8 18. Bd4 e5 19. Be3 Bh4 20. Bxc5 dxc5 21. Bg4 Rcd8 22. Qe3 g6 23. Ne2 c4 24. f5 Rxd1 25. Rxd1 Rd8 26. Rf1 Qe7 27. Nc3 Bg5 28. Qf3 Qc5+ 29. Kh1 Qe3 30. Qxe3 Bxe3 31. Re1 Bb6 32. fxg6 hxg6 33. Bf3 Rd2 34. Re2 Rd6 35. Nd5 Ba5 36. c3 Kg7 37. g4 Bd8 38. Re1 Bh4 39. Rf1 Rd8 40. Kg2 Rh8 41. Nc7 Bb7 42. Rd1 Rd8 43. Rxd8 Bxd8 1/2-1/2

[Event "Wasselonne op"]
[Site "Wasselonne"]
[Date "2009.08.07"]
[Round "2"]
[White "Wiedenhoff, Jean Philippe"]
[Black "Ricter, Jean Paul"]
[Result "0-1"]
[WhiteElo "1855"]
[BlackElo "2090"]
[PlyCount "48"]
[EventDate "2009.08.06"]
[EventType "swiss"]
[EventRounds "7"]
[EventCountry "FRA"]
[SourceTitle "EXT 2011"]
[Source "ChessBase"]
[SourceDate "2010.11.26"]
[SourceVersion "1"]
[SourceVersionDate "2010.11.26"]
[SourceQuality "1"]

1. e4 c5 2. Nf3 e6 3. d4 cxd4 4. Nxd4 Nc6 5. Be3 a6 6. Be2 Qc7 7. 0-0 Nf6 8. Nc3 b5 9. a3 Bb7 10. Nb3 Be7 11. f4 d6 12. Qe1 b4 13. axb4 Nxb4 14. Bd3 d5 15. e5 Ne4 16. Bxe4 dxe4 17. Qf2 0-0 18. Bb6 Qb8 19. Nc5 e3 20. Qe2 Bc6 21. N5a4 Bb5 22. Nxb5 axb5 23. Qxb5 Nxc2 24. Rac1 e2 0-1